[Event "28th WSCC2018 - Open 65+"]
[Site "Bled"]
[Date "2018.11.26"]
[Round "8.57"]
[White "Skok, Joze"]
[Black "Marshall, Michael"]
[Result "1/2-1/2"]
[WhiteElo "2004"]
[BlackElo "1916"]
[PlyCount "48"]
[EventDate "2018.11.18"]

1. e4 c5 2. c3 Nf6 3. e5 Nd5 4. Nf3 e6 5. Bc4 Nb6 6. Bb3 d6 7. exd6 Bxd6 8. O-O
Nc6 9. d4 cxd4 10. cxd4 O-O 11. Re1 Be7 12. Nc3 Bf6 13. Be3 Bd7 14. Ne4 Be7 15.
a3 Na5 16. Bc2 Rc8 17. Qd3 g6 18. h4 Nac4 19. Bh6 Re8 20. Nc5 Nd6 21. Ne5 Bc6
22. Nxc6 bxc6 23. Bb3 Nd5 24. Be3 Bf6 1/2-1/2

[Event "28th WSCC2018 - Open 65+"]
[Site "Bled"]
[Date "2018.11.26"]
[Round "8.58"]
[White "Valenti, Giuseppe"]
[Black "Finlay, Ian"]
[Result "1-0"]
[WhiteElo "2003"]
[BlackElo "1808"]
[PlyCount "63"]
[EventDate "2018.11.18"]

1. e4 e5 2. Nf3 Nc6 3. Bb5 a6 4. Ba4 Nf6 5. d3 b5 6. Bb3 Bc5 7. O-O d6 8. c3
Bg4 9. Nbd2 h6 10. Re1 O-O 11. h3 Be6 12. Bc2 Ba7 13. Nf1 Ne7 14. d4 Ng6 15.
Ng3 c5 16. Nf5 Qc7 17. dxe5 dxe5 18. Qd2 Bxf5 19. exf5 Rad8 20. Qe2 Nf4 21.
Qxe5 Bb8 22. Bxf4 Qc6 23. Qe3 Nd5 24. Be4 Nxe3 25. Bxc6 Nc2 26. Bxb8 Rxb8 27.
Ne5 Rb6 28. Bd5 Rd6 29. Bxf7+ Rxf7 30. Nxf7 Kxf7 31. Rad1 Nxe1 32. Rxd6 1-0

[Event "28th WSCC2018 - Open 65+"]
[Site "Bled"]
[Date "2018.11.26"]
[Round "8.59"]
[White "Grahn, Lars"]
[Black "Cordioli, Jairo Ribeiro"]
[Result "1-0"]
[WhiteElo "1999"]
[BlackElo "1804"]
[PlyCount "142"]
[EventDate "2018.11.18"]

1. d4 Nf6 2. c4 g6 3. Nc3 Bg7 4. e4 d6 5. Nge2 O-O 6. Ng3 e5 7. d5 Ne8 8. f3 f5
9. exf5 gxf5 10. Qc2 Qh4 11. Qf2 Na6 12. Bd2 Bd7 13. O-O-O Bh6 14. Bxh6 Qxh6+
15. Qd2 Qg6 16. Bd3 Nc5 17. Bc2 a5 18. Rhe1 Ng7 19. Nh1 Qf6 20. Nf2 h6 21. g4
Qg5 22. Qxg5 hxg5 23. Rg1 fxg4 24. Nxg4 Nf5 25. Nf2 Kf7 26. Bxf5 Bxf5 27. Rxg5
Kf6 28. Rdg1 Rae8 29. Rg7 Rf7 30. Rxf7+ Kxf7 31. Nb5 Re7 32. Kd2 e4 33. fxe4
Nxe4+ 34. Nxe4 Bxe4 35. Nd4 c6 36. dxc6 bxc6 37. Rg3 c5 38. Nb5 Ke6 39. Nc3 Bc6
40. Re3+ Kf7 41. Rg3 Re5 42. h4 d5 43. cxd5 Bxd5 44. Nxd5 Rxd5+ 45. Kc3 Rd4 46.
Rg5 Rxh4 47. Rxc5 a4 48. Rc4 Rh3+ 49. Kb4 Rh2 50. Ka3 Ke6 51. Rxa4 Kd5 52. Rg4
Kc5 53. b4+ Kb5 54. Rg5+ Kb6 55. Kb3 Rh3+ 56. Ka4 Rh2 57. Rg6+ Kb7 58. a3 Rh3
59. b5 Ka7 60. Kb4 Rh4+ 61. Ka5 Rh5 62. Rg7+ Kb8 63. a4 Rf5 64. Ka6 Rf6+ 65. b6
Rf8 66. a5 Rh8 67. Rg5 Kc8 68. Kb5 Rh1 69. a6 Rb1+ 70. Kc6 Rc1+ 71. Rc5 Ra1 1-0

[Event "28th WSCC2018 - Open 65+"]
[Site "Bled"]
[Date "2018.11.26"]
[Round "8.60"]
[White "Krstic, Slobodan"]
[Black "Acosta, Mariano"]
[Result "0-1"]
[WhiteElo "1993"]
[BlackElo "1721"]
[PlyCount "100"]
[EventDate "2018.11.18"]

1. e4 e5 2. Bc4 Nf6 3. d3 c6 4. Nf3 d5 5. exd5 cxd5 6. Bb3 Nc6 7. O-O a5 8. Ba4
Bd6 9. Re1 Bg4 10. h3 Bxf3 11. Qxf3 O-O 12. c3 h6 13. Nd2 Qc7 14. Bc2 Rae8 15.
Qd1 Re7 16. Nf1 e4 17. d4 Rd8 18. Ne3 g6 19. g3 Ree8 20. Qd2 Bf8 21. Ng2 g5 22.
h4 Nh7 23. Qe2 f5 24. Bb3 Kg7 25. hxg5 hxg5 26. Qh5 Qf7 27. Qh2 Re6 28. Ne3 Rh6
29. Qg2 Kh8 30. g4 Ne7 31. gxf5 Nxf5 32. Ng4 Nh4 33. Nxh6 Nf3+ 34. Kf1 Bxh6 35.
Rxe4 a4 36. Re3 Nh4 37. Qh2 axb3 38. axb3 Nf6 39. Rh3 Qh7 40. Be3 Nf5 41. Rf3
Ng4 42. Qh5 Nf6 43. Qh1 Ng4 44. Bd2 Nh4 45. Rg3 Qf5 46. Be1 Rf8 47. f3 Qd3+ 48.
Kg1 Nxf3+ 49. Rxf3 Rxf3 50. Qg2 Qe3+ 0-1

[Event "28th WSCC2018 - Open 65+"]
[Site "Bled"]
[Date "2018.11.26"]
[Round "8.61"]
[White "Brouwer, Willem"]
[Black "Sciupokas, Arunas"]
[Result "1/2-1/2"]
[WhiteElo "1608"]
[BlackElo "1981"]
[PlyCount "87"]
[EventDate "2018.11.18"]

1. d4 e6 2. Bf4 c5 3. e3 Qb6 4. Na3 d5 5. Nb5 Na6 6. c3 c4 7. a4 Nf6 8. Be2 Be7
9. Qc2 O-O 10. h3 Bd7 11. Na3 Qa5 12. Bd1 Bc6 13. Nf3 Nd7 14. Ne5 Nxe5 15. Bxe5
f6 16. Bg3 e5 17. dxe5 Nc5 18. O-O f5 19. Qe2 Ne4 20. Bh2 Rae8 21. Nc2 Bd8 22.
Nd4 Bc7 23. f4 Bd7 24. Bc2 Qa6 25. Rfd1 Qg6 26. Nf3 Bc6 27. Nd4 Bb6 28. Qe1
Bxd4 29. Rxd4 Kh8 30. b3 cxb3 31. Bxb3 Rd8 32. Qc1 Nc5 33. Bc2 Ne6 34. Rd2 Qf7
35. Qd1 Qe7 36. Qh5 g6 37. Qd1 Qc5 38. Rd3 Qa5 39. Qe1 Nc5 40. Rd4 Ne6 41. Rd3
Nc5 42. Rd4 Ne6 43. Rd3 Nc5 44. Rd4 1/2-1/2

[Event "28th WSCC2018 - Open 65+"]
[Site "Bled"]
[Date "2018.11.26"]
[Round "8.63"]
[White "Andreas, Guenter"]
[Black "Vlajkov, Milenko"]
[Result "1-0"]
[WhiteElo "1967"]
[BlackElo "1530"]
[PlyCount "115"]
[EventDate "2018.11.18"]

1. e4 e5 2. Nf3 Nc6 3. Bc4 Bc5 4. O-O Nf6 5. d3 h6 6. Bb3 d6 7. c3 O-O 8. Re1
Bg4 9. Nbd2 a6 10. Nf1 Nh7 11. h3 Be6 12. Bc2 Bd7 13. Ng3 Ne7 14. d4 exd4 15.
Nxd4 Ng6 16. Be3 Ba7 17. Ndf5 Bxe3 18. Rxe3 Re8 19. Qd4 Qf6 20. Qd2 Nh4 21. e5
Rxe5 22. Rxe5 Qxe5 23. Nxh4 Re8 24. Nf3 Qb5 25. a4 Qb6 26. a5 Qa7 27. Re1 Rxe1+
28. Qxe1 Qc5 29. b4 Qc6 30. Bxh7+ Kxh7 31. Qe4+ g6 32. Qxc6 Bxc6 33. Nd4 Bd7
34. f4 Kg7 35. Ne4 f5 36. Nd2 d5 37. N2f3 Kf6 38. Ne5 Be8 39. Kf2 g5 40. g3 h5
41. Ndf3 gxf4 42. gxf4 b6 43. Kg3 bxa5 44. bxa5 c5 45. Nd3 c4 46. Nc5 Bb5 47.
Nd4 Ke7 48. Nxf5+ Kd8 49. Nd4 Kc7 50. Nce6+ Kd6 51. Kh4 Bd7 52. f5 Ke5 53. Kxh5
Kf6 54. Kh6 Be8 55. Kh7 Bd7 56. Kg8 Be8 57. h4 Bh5 58. Nc7 1-0

[Event "28th WSCC2018 - Open 65+"]
[Site "Bled"]
[Date "2018.11.26"]
[Round "8.64"]
[White "Wibe, Per H"]
[Black "Brettschneider, Karl"]
[Result "1-0"]
[WhiteElo "1752"]
[BlackElo "2016"]
[PlyCount "45"]
[EventDate "2018.11.18"]

1. d4 f5 2. Bf4 Nf6 3. e3 d5 4. Bd3 e6 5. Nf3 Be7 6. h3 Ne4 7. Ne5 O-O 8. Bxe4
fxe4 9. Nd2 c5 10. c3 Nc6 11. dxc5 Bxc5 12. Qg4 Qf6 13. Qg3 Be7 14. h4 Nxe5 15.
Bxe5 Qh6 16. O-O-O b6 17. Bf4 Qh5 18. f3 Rf6 19. fxe4 e5 20. Bg5 Rg6 21. Qxe5
Rxg5 22. hxg5 Qxg5 23. Qxd5+ 1-0

[Event "28th WSCC2018 - Open 65+"]
[Site "Bled"]
[Date "2018.11.26"]
[Round "8.65"]
[White "Nickl, Klaus"]
[Black "Rubinstein, Mark"]
[Result "1-0"]
[WhiteElo "2006"]
[BlackElo "1831"]
[PlyCount "77"]
[EventDate "2018.11.18"]

1. d4 d5 2. Bf4 Nf6 3. e3 Bf5 4. c4 e6 5. Nc3 c6 6. Qb3 Qc8 7. h3 h6 8. Nf3
Nbd7 9. Rc1 dxc4 10. Bxc4 Nb6 11. Be2 Nfd5 12. Bh2 Be7 13. O-O O-O 14. Nd2 Qd7
15. e4 Nxc3 16. bxc3 Bh7 17. a4 Nc8 18. Bf3 Bd6 19. e5 Be7 20. Rfd1 Bg5 21. Ra1
a5 22. Ne4 Be7 23. Bf4 b6 24. c4 g5 25. Be3 Kg7 26. Qb2 Bxe4 27. Bxe4 f5 28.
exf6+ Bxf6 29. Qe2 Ne7 30. Rab1 Rab8 31. Qg4 Nf5 32. d5 Nxe3 33. fxe3 cxd5 34.
cxd5 Qxa4 35. dxe6 Be7 36. Rd7 Qa3 37. Bd3 Rf6 38. Qd4 Rh8 39. Rxb6 1-0

[Event "28th WSCC2018 - Open 65+"]
[Site "Bled"]
[Date "2018.11.26"]
[Round "8.66"]
[White "Keogh, Eamon"]
[Black "El Gheiadi, I."]
[Result "1-0"]
[WhiteElo "1982"]
[BlackElo "1831"]
[PlyCount "101"]
[EventDate "2018.11.18"]

1. e4 c5 2. Nc3 d6 3. f4 Nc6 4. Bb5 e6 5. Bxc6+ bxc6 6. Nf3 d5 7. d3 Ne7 8. O-O
g6 9. Ne5 Bg7 10. Qf3 f6 11. Ng4 O-O 12. Nf2 a5 13. Ne2 Rb8 14. Rb1 Ba6 15. b3
d4 16. Qh3 Bc8 17. Ba3 e5 18. Qg3 Qb6 19. fxe5 fxe5 20. Bc1 Qa7 21. Bg5 Be6 22.
Qh4 Rb7 23. Kh1 Nc8 24. Ng1 Rbf7 25. Nf3 Nb6 26. Bd2 Bf6 27. Qg3 Bd7 28. Bh6
Re8 29. h4 Bg7 30. Bd2 Bf6 31. a4 Nc8 32. Nh3 Bxh3 33. Qxh3 Qc7 34. Qg3 Bg7 35.
Ng5 Rfe7 36. Rf2 Nd6 37. Rbf1 h6 38. Nf3 Kh7 39. Nh2 Nb7 40. Ng4 h5 41. Nf6+
Bxf6 42. Rxf6 Rg7 43. Qg5 Qe7 44. Qh6+ Kg8 45. Bg5 Qd7 46. Rxg6 Nd8 47. Bf6 Ne6
48. Bxe5 Ree7 49. Bxg7 Nxg7 50. Rf8+ Kxf8 51. Qh8+ 1-0

[Event "28th WSCC2018 - Open 65+"]
[Site "Bled"]
[Date "2018.11.26"]
[Round "8.67"]
[White "Koskinen, Veikko"]
[Black "Turegano Moratalla, Santiago"]
[Result "1/2-1/2"]
[WhiteElo "1978"]
[BlackElo "1808"]
[PlyCount "29"]
[EventDate "2018.11.18"]

1. e4 c5 2. Nf3 Nc6 3. d3 g6 4. g3 Bg7 5. Bg2 d6 6. O-O Nf6 7. Nbd2 O-O 8. c3
e5 9. a4 b6 10. Nc4 Bb7 11. Re1 d5 12. exd5 Nxd5 13. Ne3 Nce7 14. Nxd5 Nxd5 15.
Be3 1/2-1/2

[Event "28th WSCC2018 - Open 65+"]
[Site "Bled"]
[Date "2018.11.26"]
[Round "8.68"]
[White "Filzmaier, Bruno"]
[Black "Idesis, Yaacov"]
[Result "0-1"]
[WhiteElo "1727"]
[BlackElo "1967"]
[PlyCount "104"]
[EventDate "2018.11.18"]

1. a3 d5 2. e3 Nf6 3. d4 Bf5 4. Nf3 e6 5. b4 Be7 6. Bb2 O-O 7. Nbd2 h6 8. c4 c6
9. Be2 Nbd7 10. O-O Ne4 11. Nb3 Bf6 12. Rc1 a6 13. Na5 Qc7 14. cxd5 exd5 15.
Ne1 Rfe8 16. Nd3 Rac8 17. Bg4 Nd6 18. Nf4 Bxg4 19. Qxg4 Qd8 20. Nh5 Bg5 21. Ng3
Rc7 22. Nb3 Nc4 23. Rc2 g6 24. Bc1 Nf6 25. Qf3 h5 26. h3 Qd6 27. Re1 h4 28. Nf1
Ne4 29. Nc5 f5 30. Nd3 Rf7 31. Rxc4 dxc4 32. Ne5 Rxe5 33. dxe5 Qxe5 34. Qe2 Qe6
35. f3 Nd6 36. Bb2 b5 37. Nd2 Bf6 38. Bxf6 Qxf6 39. e4 Qd4+ 40. Kh1 fxe4 41.
Nxe4 Nxe4 42. fxe4 Qf2 43. e5 Qxe2 44. Rxe2 Rf1+ 45. Kh2 Kf7 46. Re4 Ke6 47.
Rxh4 c3 48. Rg4 c2 49. Rxg6+ Kxe5 50. Rxc6 c1=Q 51. Rxc1 Rxc1 52. h4 Kf4 0-1

[Event "28th WSCC2018 - Open 65+"]
[Site "Bled"]
[Date "2018.11.26"]
[Round "8.69"]
[White "Davydov, Mihail"]
[Black "Florjancic, Rudolf"]
[Result "1/2-1/2"]
[WhiteElo "1959"]
[BlackElo "1761"]
[PlyCount "57"]
[EventDate "2018.11.18"]

1. e4 d6 2. d4 g6 3. Nc3 Nf6 4. Be3 c6 5. Qd2 b5 6. f3 Bb7 7. Nge2 Bg7 8. Bh6
Bxh6 9. Qxh6 Qa5 10. Nc1 Nbd7 11. Nb3 Qc7 12. a3 a6 13. Qe3 Qb6 14. Be2 e5 15.
Rd1 O-O-O 16. Kf2 exd4 17. Qxd4 Qxd4+ 18. Rxd4 Kc7 19. Rhd1 Nb6 20. Na5 Ba8 21.
b4 h5 22. h4 Rhe8 23. Nb3 Bb7 24. Bf1 Bc8 25. g3 Be6 26. Na5 Bc8 27. Nb3 Be6
28. Na5 Bc8 29. Nb3 1/2-1/2

[Event "28th WSCC2018 - Open 65+"]
[Site "Bled"]
[Date "2018.11.26"]
[Round "8.70"]
[White "Jaksa, Cvetko"]
[Black "Dalling, Peter"]
[Result "1-0"]
[WhiteElo "1897"]
[BlackElo "1811"]
[Annotator "uporabnik"]
[PlyCount "113"]
[EventDate "2018.11.18"]

1. b3 e5 2. e3 d5 3. Bb2 Bd6 4. f4 Qe7 5. Nf3 Bg4 6. h3 Bxf3 7. Qxf3 Nf6 8. Qg3
Nbd7 9. f5 O-O-O 10. d3 Rhg8 11. Qf2 e4 12. g4 Rde8 13. d4 g6 14. g5 Nh5 15. f6
Qf8 16. Rg1 h6 17. h4 hxg5 18. hxg5 Rh8 19. Nc3 c6 20. O-O-O Kb8 21. Kb1 Nb6
22. Re1 Rd8 23. Be2 Bc7 24. Rg2 Qd6 25. Reg1 Qb4 26. Ka1 Nd7 27. Nb1 Qf8 28. c4
Nb6 29. Ba3 Qe8 30. Bg4 Nc8 31. c5 a6 32. Bb2 Na7 33. Qe1 Ka8 34. Bc3 Rb8 35.
a4 Qd8 36. b4 Nc8 37. Be2 Na7 38. Na3 Qd7 39. Bg4 Qe8 40. Qf2 Qd8 41. Rb1 Qe8
42. Be2 Qd7 43. b5 cxb5 44. axb5 axb5 45. Nxb5 b6 46. Bg4 Qc6 47. Qa2 Rb7 48.
Nxc7+ Qxc7 49. Qxd5 b5 50. Ra2 Kb8 51. Qxe4 Qc6 52. Qxc6 Nxc6 53. Bf3 Kc7 54.
d5 Ra7 55. dxc6 Rha8 56. Be5+ Kc8 57. Bg4+ 1-0

[Event "28th WSCC2018 - Open 65+"]
[Site "Bled"]
[Date "2018.11.26"]
[Round "8.71"]
[White "Sorensen, Bent"]
[Black "Diaz Franco, Francisco Jorge"]
[Result "1-0"]
[WhiteElo "2103"]
[BlackElo "1960"]
[PlyCount "79"]
[EventDate "2018.11.18"]

1. Nf3 Nf6 2. g3 d5 3. Bg2 e6 4. d3 Bb4+ 5. c3 Be7 6. Nbd2 O-O 7. e4 dxe4 8.
dxe4 c5 9. Qc2 Nc6 10. O-O Qc7 11. Nc4 b5 12. Bf4 e5 13. Ncxe5 Nxe5 14. Bxe5
Qb6 15. Bxf6 gxf6 16. Rad1 Bg4 17. e5 Rad8 18. Qe4 Qe6 19. Qf4 fxe5 20. Qe3 e4
21. Rxd8 Rxd8 22. Ng5 Qf5 23. Nxe4 Bd1 24. Re1 Bc2 25. Bf1 a6 26. Kg2 c4 27. f3
Qd5 28. Qa7 Rd7 29. Qxa6 Bd3 30. Qc8+ Kg7 31. Re3 f5 32. Nf2 Bc5 33. Re8 Bxf1+
34. Kxf1 Bxf2 35. Rg8+ Kf6 36. Qf8+ Rf7 37. Qh6+ Ke7 38. Qg5+ Rf6 39. Rg7+ Ke6
40. Kxf2 1-0

[Event "28th WSCC2018 - Open 65+"]
[Site "Bled"]
[Date "2018.11.26"]
[Round "8.72"]
[White "Haupt, Joachim"]
[Black "Rogovin, Arkadi"]
[Result "1/2-1/2"]
[WhiteElo "1748"]
[BlackElo "1867"]
[PlyCount "35"]
[EventDate "2018.11.18"]

1. Nf3 Nf6 2. c4 c5 3. Nc3 Nc6 4. g3 e6 5. Bg2 d5 6. cxd5 exd5 7. d4 Be6 8. O-O
h6 9. Re1 Ne4 10. Nxe4 dxe4 11. Ne5 Nxd4 12. Bxe4 Qc7 13. Bf4 Bd6 14. Nd3 Rd8
15. e3 Nc6 16. Qa4 Bxf4 17. exf4 O-O 18. Nxc5 1/2-1/2

[Event "28th WSCC2018 - Open 65+"]
[Site "Bled"]
[Date "2018.11.26"]
[Round "8.73"]
[White "Zybura, Andre"]
[Black "Webster, Jim J"]
[Result "0-1"]
[WhiteElo "1863"]
[BlackElo "1730"]
[PlyCount "46"]
[EventDate "2018.11.18"]

1. e4 c5 2. d4 cxd4 3. c3 d3 4. Bxd3 g6 5. Bc4 Bg7 6. Nf3 d6 7. e5 Qc7 8. Qb3
e6 9. exd6 Qxd6 10. O-O Nc6 11. Rd1 Qe7 12. Be3 Nf6 13. Nbd2 O-O 14. Bb5 Qc7
15. Bxc6 bxc6 16. Bc5 Rd8 17. Nc4 Rd5 18. Rxd5 cxd5 19. Bd6 Qc6 20. Qa3 Qxc4
21. Ne5 Qa6 22. Qb4 Ne4 23. Be7 Bxe5 0-1

[Event "28th WSCC2018 - Open 65+"]
[Site "Bled"]
[Date "2018.11.26"]
[Round "8.74"]
[White "Ilic, Slobodan S"]
[Black "Giulian, Philip M"]
[Result "1/2-1/2"]
[WhiteElo "2026"]
[BlackElo "2179"]
[PlyCount "48"]
[EventDate "2018.11.18"]

1. e4 Nf6 2. e5 Nd5 3. d4 d6 4. Nf3 g6 5. c4 Nb6 6. h3 Bg7 7. exd6 cxd6 8. Be2
O-O 9. O-O Nc6 10. Be3 Bf5 11. Nc3 d5 12. c5 Nc4 13. Bc1 b6 14. cxb6 axb6 15.
Bd3 Bxd3 16. Qxd3 e6 17. Rd1 Nd6 18. Bg5 Bf6 19. h4 Nf5 20. g3 h6 21. Bxf6 Qxf6
22. Kg2 Rfc8 23. b3 Rab8 24. Nb5 Kg7 1/2-1/2

[Event "28th WSCC2018 - Open 65+"]
[Site "Bled"]
[Date "2018.11.26"]
[Round "8.75"]
[White "Frey, Armin"]
[Black "Benggawan, Undriadi"]
[Result "1-0"]
[WhiteElo "1859"]
[BlackElo "1594"]
[PlyCount "83"]
[EventDate "2018.11.18"]

1. f4 d6 2. Nf3 g6 3. e3 Bg7 4. d4 c5 5. c3 Nd7 6. Bc4 Ngf6 7. O-O d5 8. Bb5
O-O 9. Nbd2 a6 10. Bd3 Qc7 11. Qe1 b5 12. a3 Bb7 13. Qh4 Ne4 14. g4 f5 15. Bxe4
dxe4 16. Ng5 Nf6 17. Ne6 Qc6 18. Nxf8 Rxf8 19. gxf5 gxf5 20. dxc5 Nd5 21. Nb3
Rf6 22. Na5 Rg6+ 23. Kh1 Qc7 24. Nxb7 Qxb7 25. Bd2 Qc6 26. Rg1 Qxc5 27. Rxg6
hxg6 28. Rg1 Kf7 29. Qg3 Qc6 30. h4 e5 31. fxe5 Qe6 32. h5 Ne7 33. Qh3 Bxe5 34.
hxg6+ Nxg6 35. Qh7+ Bg7 36. c4 Qf6 37. Bc3 Ne5 38. Rxg7+ Qxg7 39. Qxg7+ Kxg7
40. Bxe5+ Kg6 41. c5 Kf7 42. c6 1-0

[Event "28th WSCC2018 - Open 65+"]
[Site "Bled"]
[Date "2018.11.26"]
[Round "8.76"]
[White "Cokan, Mirko"]
[Black "Bergen, Klaus"]
[Result "1/2-1/2"]
[WhiteElo "1677"]
[BlackElo "1858"]
[PlyCount "31"]
[EventDate "2018.11.18"]

1. d4 Nf6 2. Nc3 g6 3. e4 d6 4. Bd3 e5 5. Nge2 Bg7 6. Bg5 h6 7. Bh4 O-O 8. Bg3
exd4 9. Nxd4 Nh5 10. Nde2 Nc6 11. Qd2 Ne5 12. f4 Nxg3 13. hxg3 Nxd3+ 14. Qxd3
f5 15. O-O-O Qf6 16. Qb5 1/2-1/2

[Event "28th WSCC2018 - Open 65+"]
[Site "Bled"]
[Date "2018.11.26"]
[Round "8.77"]
[White "Kerr, Grant"]
[Black "Zilbershtein, Victor"]
[Result "1-0"]
[WhiteElo "1850"]
[BlackElo "1717"]
[PlyCount "43"]
[EventDate "2018.11.18"]

1. e4 e6 2. Nf3 d5 3. Nc3 Nf6 4. e5 Nfd7 5. d4 c5 6. dxc5 Bxc5 7. Bd3 Nc6 8.
Bf4 Qb6 9. O-O a6 10. a3 Qc7 11. Re1 Ne7 12. Bg3 b5 13. Ng5 Nf8 14. Qf3 Neg6
15. Nxd5 Qd7 16. Nb6 Bxb6 17. Qxa8 f6 18. Be4 Ne7 19. Rad1 Nd5 20. Bxd5 exd5
21. exf6+ Kd8 22. Rxd5 1-0

[Event "28th WSCC2018 - Open 65+"]
[Site "Bled"]
[Date "2018.11.26"]
[Round "8.78"]
[White "Nielsen, Peter"]
[Black "Tavcar, Rado"]
[Result "0-1"]
[WhiteElo "1687"]
[BlackElo "1847"]
[PlyCount "116"]
[EventDate "2018.11.18"]

1. d4 d5 2. Bf4 e6 3. e3 Bd6 4. Bxd6 Qxd6 5. c3 Nd7 6. Nf3 e5 7. dxe5 Nxe5 8.
Nxe5 Qxe5 9. Qd4 Qxd4 10. cxd4 Nf6 11. Bd3 c6 12. Nd2 O-O 13. O-O Bd7 14. Nf3
Rfd8 15. h3 Ne4 16. Bxe4 dxe4 17. Nd2 Re8 18. f3 exf3 19. Rxf3 Rad8 20. Nb3 Be6
21. Nc5 Bc8 22. b4 f6 23. a4 b6 24. Nb3 Be6 25. Nd2 c5 26. bxc5 bxc5 27. Rff1
cxd4 28. exd4 Rxd4 29. Nf3 Rb4 30. Rfc1 Reb8 31. Rc7 R4b7 32. Rxb7 Rxb7 33. Nd4
Bd5 34. a5 a6 35. Nf3 Bxf3 36. gxf3 Rb5 37. Kf2 Kf7 38. Kg3 g5 39. h4 h6 40.
Ra4 f5 41. Ra3 Kf6 42. Kh3 Ke5 43. Kg3 Kd4 44. Ra1 Kc4 45. Rc1+ Kb4 46. Rc6
Rxa5 47. Rxh6 gxh4+ 48. Rxh4+ Kb3 49. Rh6 Ra4 50. Rf6 f4+ 51. Kg4 a5 52. Ra6
Kc4 53. Ra8 Kb5 54. Re8 Rc4 55. Re4 a4 56. Re8 Kb4 57. Rb8+ Kc3 58. Ra8 Kb3 0-1

[Event "28th WSCC2018 - Open 65+"]
[Site "Bled"]
[Date "2018.11.26"]
[Round "8.79"]
[White "Bregoszewski, Leon"]
[Black "Gibbons, Robert"]
[Result "1/2-1/2"]
[WhiteElo "1632"]
[BlackElo "1914"]
[PlyCount "128"]
[EventDate "2018.11.18"]

1. d4 d5 2. f4 Bf5 3. Nf3 Nf6 4. e3 e6 5. Bd3 Be4 6. O-O Nbd7 7. Nbd2 Bd6 8.
Qe2 c6 9. Ng5 Bxd3 10. Qxd3 h6 11. Ngf3 O-O 12. Ne5 Bxe5 13. fxe5 Nh7 14. Nf3
f6 15. exf6 Nhxf6 16. Bd2 Ne4 17. Be1 Qc7 18. Nd2 Rxf1+ 19. Nxf1 Rf8 20. Ng3
Ndf6 21. Qe2 Rf7 22. Nh5 Qc8 23. Nf4 Qe8 24. Ng6 Nd7 25. Bh4 Kh7 26. Qg4 Nf8
27. Ne5 Rf5 28. Rf1 Rxf1+ 29. Kxf1 Ng6 30. Qh5 Qf8+ 31. Ke2 Nxe5 32. Qxe5 Qf5
33. Qxf5+ exf5 34. Be1 g5 35. Kf3 h5 36. Ke2 Kg6 37. Kd3 Kf6 38. b3 Ke6 39. c4
Nf6 40. h3 h4 41. Ke2 Ne4 42. Kf3 Kf6 43. cxd5 cxd5 44. a4 Kg6 45. g3 hxg3 46.
b4 a6 47. Bxg3 Nc3 48. a5 Ne4 49. Be1 Kh5 50. Kg2 Nf6 51. Kg3 Nh7 52. Kg2 Nf8
53. Bg3 Ng6 54. Bd6 g4 55. Kg3 gxh3 56. Kxh3 Kg5 57. Kg3 Kf6 58. Bc7 Ke6 59.
Bb8 Kf7 60. Bf4 Ke6 61. Bg5 Kf7 62. Bf4 Ke6 63. Bb8 Kf7 64. Bf4 Ke6 1/2-1/2

[Event "28th WSCC2018 - Open 65+"]
[Site "Bled"]
[Date "2018.11.26"]
[Round "8.80"]
[White "Thjomoe, Hans Richard"]
[Black "Booth, Anthony"]
[Result "1-0"]
[WhiteElo "1874"]
[BlackElo "1648"]
[PlyCount "41"]
[EventDate "2018.11.18"]

1. e4 c5 2. Nc3 Nc6 3. f4 e6 4. Nf3 a6 5. a4 d6 6. Bc4 Nf6 7. e5 dxe5 8. Nxe5
Nxe5 9. fxe5 Nd7 10. Qe2 Qg5 11. O-O Qxe5 12. Ne4 b6 13. d3 Qc7 14. Rxf7 Be7
15. Rxg7 Qe5 16. Rxe7+ Kxe7 17. Bg5+ Kf8 18. Rf1+ Kg7 19. Qg4 h5 20. Bf6+ Kh6
21. Qg7# 1-0

[Event "28th WSCC2018 - Open 65+"]
[Site "Bled"]
[Date "2018.11.26"]
[Round "8.81"]
[White "Bobbia, Mario"]
[Black "Freeke, Kees"]
[Result "1/2-1/2"]
[WhiteElo "1790"]
[BlackElo "1750"]
[PlyCount "42"]
[EventDate "2018.11.18"]

1. e4 e5 2. Nf3 Nc6 3. Bb5 a6 4. Ba4 Nf6 5. O-O Be7 6. Re1 b5 7. Bb3 d6 8. c3
O-O 9. h3 Na5 10. Bc2 c5 11. d4 Nd7 12. Nbd2 exd4 13. cxd4 Nc6 14. Nf1 cxd4 15.
Nxd4 Nxd4 16. Qxd4 Ne5 17. Ne3 Bxh3 18. Nd5 Rc8 19. Nxe7+ Qxe7 20. Bd1 Bd7 21.
Qe3 Bg4 1/2-1/2

[Event "28th WSCC2018 - Open 65+"]
[Site "Bled"]
[Date "2018.11.26"]
[Round "8.82"]
[White "Shaw, Robin A"]
[Black "Bjorgvik, Jan Arne"]
[Result "1/2-1/2"]
[WhiteElo "1673"]
[BlackElo "1777"]
[PlyCount "72"]
[EventDate "2018.11.18"]

1. g3 d5 2. Bg2 Nf6 3. d3 e5 4. Nd2 Bc5 5. e3 Ng4 6. Nb3 Bb6 7. h3 Nf6 8. a4 c6
9. a5 Bc7 10. Ne2 O-O 11. O-O Re8 12. Bd2 Qd6 13. e4 dxe4 14. dxe4 Rd8 15. Nc3
Be6 16. Be3 Bxb3 17. cxb3 Qxd1 18. Rfxd1 Na6 19. Rxd8+ Bxd8 20. Ra4 Be7 21. Na2
Bc5 22. Bg5 h6 23. Bxf6 gxf6 24. Rc4 Rd8 25. Rc2 Be7 26. Bf1 Nb4 27. Nxb4 Bxb4
28. a6 Rb8 29. axb7 Rxb7 30. Rxc6 Kg7 31. Rc2 Ba5 32. Bc4 Rd7 33. Kf1 Rd2 34.
Rxd2 Bxd2 35. g4 Bc1 36. f3 Bxb2 1/2-1/2

[Event "28th WSCC2018 - Open 65+"]
[Site "Bled"]
[Date "2018.11.26"]
[Round "8.83"]
[White "Bratteteig, Tore-Inge"]
[Black "Pressl, Harald"]
[Result "0-1"]
[WhiteElo "1592"]
[BlackElo "1892"]
[PlyCount "104"]
[EventDate "2018.11.18"]

1. Nf3 Nf6 2. b3 g6 3. c4 Bg7 4. Bb2 d6 5. Nc3 c6 6. g3 Nbd7 7. Bg2 O-O 8. O-O
e5 9. d3 Re8 10. Qc2 Nf8 11. h3 Ne6 12. e3 a5 13. Rab1 Nc5 14. e4 Ne6 15. Ne2
Bd7 16. d4 exd4 17. Nfxd4 Nc5 18. Nc3 Qc8 19. Kh2 Re5 20. Rh1 Rh5 21. Nf3 g5
22. Kg1 Bxh3 23. Qe2 Bg4 24. Rxh5 Bxh5 25. Qe3 h6 26. Nd2 Bg6 27. f3 Nh5 28.
Kf2 Be5 29. Nf1 Ne6 30. Ne2 Qc7 31. Bxe5 dxe5 32. Rb2 Nf6 33. Bh3 g4 34. Bxg4
Nxg4+ 35. fxg4 Ng5 36. Nc3 Qd7 37. Nh2 Rd8 38. Ke2 Qd4 39. Rd2 Qxd2+ 40. Qxd2
Rxd2+ 41. Kxd2 Nxe4+ 42. Nxe4 Bxe4 43. c5 Bg2 44. a3 f6 45. Ke3 Kf7 46. Kf2 Bd5
47. b4 axb4 48. axb4 Bc4 49. Nf3 Be6 50. Nh2 Kg6 51. Ke3 Kg5 52. Kf3 Bc8 0-1

[Event "28th WSCC2018 - Open 65+"]
[Site "Bled"]
[Date "2018.11.26"]
[Round "8.84"]
[White "Baumgarten, Werner"]
[Black "Barzilay, Marianne"]
[Result "0-1"]
[WhiteElo "1872"]
[BlackElo "1493"]
[PlyCount "42"]
[EventDate "2018.11.18"]

1. c4 b6 2. d4 Bb7 3. Nc3 e6 4. Nf3 Nf6 5. Bg5 h6 6. Bh4 Be7 7. Qc2 Nc6 8. a3
d5 9. e3 O-O 10. Rd1 Na5 11. Bxf6 Bxf6 12. cxd5 exd5 13. b3 Re8 14. Be2 Rc8 15.
O-O Qe7 16. a4 c5 17. Qb2 a6 18. Na2 Nc6 19. Nc3 Nb4 20. Na2 cxd4 21. exd4 Rc2
0-1

[Event "28th WSCC2018 - Open 65+"]
[Site "Bled"]
[Date "2018.11.26"]
[Round "8.85"]
[White "Lie, Terje"]
[Black "Degtiarev, Viktor"]
[Result "0-1"]
[WhiteElo "1534"]
[BlackElo "1676"]
[PlyCount "102"]
[EventDate "2018.11.18"]

1. d4 c5 2. d5 Nf6 3. c4 e6 4. Nc3 exd5 5. cxd5 d6 6. e4 a6 7. a4 g6 8. Bf4 Bg7
9. Qd2 O-O 10. Bh6 Re8 11. Bxg7 Nxe4 12. Nxe4 Rxe4+ 13. Be2 Kxg7 14. Qc3+ Qf6
15. f3 Rb4 16. Ra2 Bd7 17. a5 Bb5 18. Kf2 Nd7 19. Nh3 Re8 20. Re1 Rxe2+ 21.
Rxe2 Bxe2 22. Kxe2 Qxc3 23. bxc3 Rb1 24. Ng5 Nf6 25. c4 b5 26. axb6 Rxb6 27.
Kd3 h6 28. Ne4 Nd7 29. f4 f5 30. Nc3 Nb8 31. Re2 Kf7 32. h3 a5 33. Nb5 Na6 34.
Re6 Nb4+ 35. Kd2 Nxd5 36. Rxd6 Rxd6 37. Nxd6+ Ke7 38. Nb7 Nxf4 39. Nxa5 Nxg2
40. Nb3 Kd6 41. Nc1 Nf4 42. h4 Ke5 43. Kc3 Ke4 44. Nb3 Ne6 45. Kd2 f4 46. Kc3
Ke3 47. Nd2 g5 48. hxg5 hxg5 49. Nf1+ Ke2 50. Nd2 g4 51. Ne4 g3 0-1